000 00951cpcaa2200253 a 4500
001 mm 79005891
003 DLC
005 20260227111653.0
008 791113|||||||||||| spa
010 _amm 79005891
040 _aDLC
_edacs
_cDLC
_dDLC
072 7 _aC
_2lcmd
100 1 _aSeguí, Franco.
245 0 0 _aFranco Seguí and Andrés García account book,
_f1804-1805.
300 _a1
_fitem.
506 0 _aOpen to research.
520 8 _aAccount book (34 pages) listing cargo shipped from Cuba.
546 _aCollection material in Spanish.
580 _aForms part of: Miscellaneous Manuscripts collection.
651 0 _aCuba
_xCommerce
_xHistory
_y19th century.
700 1 _aGarcía, Andrés,
_dactive 1804.
_tAccount book of Franco Seguí and Andrés García
_f(1804-1805)
999 _c42047
_d42047